Top cinq des pays par production de ces légumes - Statistiques

Statistiques générales
  • Ce quiz a été pris 59 fois
  • Le résultat moyen est 16 sur 27
Statistiques - réponses
Légume Pays % Correct
Poireaux France
98%
Tomate, Pomme de terre, Aubergine, Carotte,Choux fleurs, Concombre, Epinards, Oignon, Echalote Chine
96%
Tomate, Pomme de terre, Carotte, Haricot VertChoux fleurs, Epinard Etats-Unis
95%
Epinard, Oignon, Echalote Japon
93%
Artichaut, Choux fleurs, Brocolis Espagne
91%
Avocat, Choux fleurs, Haricot Vert Mexique
89%
Tomate, Pomme de terre, Aubergine, Carotte,Choux fleurs, Concombre Inde
88%
Artichaut Italie
88%
Pomme de terre, Carotte, Concombre Russie
88%
Haricot Vert Maroc
84%
Artichaut Algérie
75%
Avocat Colombie
70%
Tomate, Poireaux, Aubergine, Concombre, Epinard Turquie
67%
Poireaux, Avocat Indonésie
65%
Artichaut, Avocat Pérou
65%
Tomate, Artichaut, Aubergine Egypte
63%
Poireaux, Oignon, Echalote Corée du Sud
61%
Pomme de terre Ukraine
60%
Poireaux Belgique
49%
Haricot Vert Malaisie
37%
Haricot Vert Philippines
30%
Epinard Kenya
21%
Oignon, Echalote Mali
21%
Aubergine Guinée
11%
Carotte, Concombre Ouzbekistan
11%
Oignon, Echalote Angola
9%
Avocat Republique Dominicaine
5%
Aucun quiz correspondant
Distribution des résultats
% des personnes avec chaque résultat
Percentile par nombre de réponses
Votre historique - résultats
Vous n’avez pas pris ce quiz